| Registos Bibliográficos associados ao registo de autoridade |
|
Etiqueta de registo: 00254nam 2200025 450 001 2284873 003 http://id.bnportugal.gov.pt/bib/catbnp/2284873 010 ## $a978-972-41-3541-0 100 ## $a20260420d2003 m y0pory01030103ba 101 0# $apor 102 ## $aPT 105 ## $aa b 000yy 106 ## $ar 200 1# $aCoimbra na banda desenhada$fJoão Miguel Lameiras, João Paulo Paiva Boléo, João Ramalho Santos 210 #9 $aPorto$cAsa,$d2003 215 ## $a80 p.$cil.$d24 cm 300 ## $aCatálogo da exposição realizada no Museu da Física da Universidade de Coimbra, de
17 de Junho a 14 de Setembro de 2003 300 ## $aExposição realizada no âmbito da Coimbra - Capital Nacional da Cultura 2003 com o
apoio da Associação Projetos Sequenciais 317 ## $aColeção Leandro de Moraes Sarmento$5PTBN: L.M.S. 467 606 ## $aBanda desenhada$yPortugal $yCoimbra$z2003$j[Catálogos de exposições]$2SIPOR$31996408 675 ## $a741.5(469.321)(083.82)$vBN$zpor$31994329 700 #1 $aLameiras,$bJoão Miguel,$f1966-$3934270 701 #1 $aBoléo,$bJoão Paulo Paiva,$f1952-$4070$349521 701 #1 $aSantos,$bJoão Ramalho,$f1966-$4070$3100696 712 01 $aCoimbra - Capital Nacional da Cultura.$bAssociação Projetos Sequenciais$4273$31996403 801 #0 $aPT$bBN$gRPC 966 ## $lBN$mFGMON$pBiblioteca particular Leandro de Moraes Sarmento$sL.M.S. 467 $x3
|
|
|